000 02078cam a2200373 i 4500
999 _c114955
_d114955
003 BJBSDDR
005 20230411090712.0
007 ta
008 130124s2014 nyu b 001 0 eng
020 _a9780465065691 (pbk)
020 _a0465065694 (pbk)
035 _a17601271
040 _aDLC
_bspa
_cDLC
041 _aeng
042 _apcc
050 1 4 _aHN 49
_bN157e 2014
082 0 0 _a303.3
_223
100 1 _aNaím, Moisés,
_d1952-
245 1 4 _aThe end of power :
_bfrom boardrooms to battlefields and churches to states, why being in charge isn't what it used to be /
_cMoisés Naím.
264 1 _aNew York :
_bBasic Books, A Member of the Perseus Books Group,
_c2014
300 _axiii, 306 p. ;
_c21 cm
336 _atext
_2rdacontent
337 _aunmediated
_2rdamedia
338 _avolume
_2rdacarrier
500 _aPolitical Paralysis as Collateral Damage of the Decay of Power.
504 _aIncludes bibliographical references and index.
505 _aThe decay of power -- Making sense of power : how it works and how to keep it -- How power got big : an assumption's unquestioned rise -- How power lost its edge : the more, mobility, and mentality revolutions -- Why are landslides, majorities, and mandates endangered species? : the decay of power in national politics -- Pentagons versus pirates : the decaying power of large armies -- Whose world will it be? Vetoes, resistance, and leaks : or why geopolitics is turning upside down -- Business as unusual : corporate dominance under siege -- Hyper-competition for your soul, heart, and brain -- The decay of power : is the glass half-full or half-empty? -- Power is decaying : so what? what to do?
520 _a"The End of Power makes a truly important contribution, persuasively portraying a compelling dynamic of change cutting across multiple game-boards of the global power matrix."-Washington Pos
650 0 _aPower (Social sciences)
650 0 _aOrganization.
650 4 _aPoder (Ciencias sociales)
_91318
650 4 _aPolítica mundial
_93478
_y1989-
942 _2lcc
_cBK